Cities Beginning With A on a Map - Statistics

General Stats
  • This quiz has been taken 89,325 times
    89,287 since last reset
  • The average score is 17 of 31
Answers on the Map
Answers color-coded by a green-red scale on the quiz's map according to % correct below.
 
Answer Stats
City % Correct
Amsterdam
89%
Ankara
87%
Athens
87%
Atlanta
81%
Algiers
79%
Auckland
79%
Austin
79%
Alexandria
74%
Abu Dhabi
71%
Anchorage
71%
Addis Ababa
70%
Aberdeen
67%
Asuncion
67%
Adelaide
65%
Antwerp
65%
Amman
64%
Accra
61%
Abuja
59%
Antananarivo
58%
Ashgabat
45%
Aleppo
39%
Agra
34%
Ahmedabad
34%
Almaty
34%
Acapulco
32%
Alicante
32%
Antalya
32%
Aden
30%
Atlantic City
27%
Amritsar
12%
Angeles
9%
No matching quizzes found
Score Distribution
Percent of People with Each Score
Percentile by Number Answered
Your Score History
You have not taken this quiz since the last reset